000 00431nam a22001811a 4500
001 5266
003 OSt
005 20260204212008.0
008 051212s1984||||sp ||||||b||||||||||spa||
020 _a8437604974
050 _a863.44 D543a
100 _aDíaz Herrera, Jorge
245 _aLa agonía del inmortal / Jorge Díaz Herrera
264 _aEspaña : Cátedra
300 _a227 p
650 _a1.NovelaÌ
942 _2ddc
_cBK
999 _c5266
_d5266